Service law in practice / (Record no. 136546)

MARC details
000 -LEADER
fixed length control field 00583nam a22002057a 4500
010 ## - LIBRARY OF CONGRESS CONTROL NUMBER
LC control number A-710580
020 ## - INTERNATIONAL STANDARD BOOK NUMBER
Terms of availability 250.00
035 ## - SYSTEM CONTROL NUMBER
System control number A-710580
037 ## - SOURCE OF ACQUISITION
Source of stock number/acquisition Cen Lib / Ret
040 ## - CATALOGING SOURCE
Original cataloging agency DPL
Language of cataloging EN
082 ## - DEWEY DECIMAL CLASSIFICATION NUMBER
Classification number 346.024
Item number VEN
100 ## - MAIN ENTRY--PERSONAL NAME
Personal name Venkataraman, C.
245 ## - TITLE STATEMENT
Title Service law in practice /
Statement of responsibility, etc by C Venkataraman
260 ## - PUBLICATION, DISTRIBUTION, ETC. (IMPRINT)
Place of publication, distribution, etc Madras
Name of publisher, distributor, etc Madras Book Agency
Date of publication, distribution, etc 1993
270 ## - ADDRESS
Address 156, Thambu Chetty Street
City Madras
Postal code 600001
300 ## - PHYSICAL DESCRIPTION
Extent v 2. 878p
Other physical details 24cm(Hb)
650 ## - SUBJECT ADDED ENTRY--TOPICAL TERM
Topical term or geographic name as entry element Civil service -- India.
650 ## - SUBJECT ADDED ENTRY--TOPICAL TERM
Topical term or geographic name as entry element Civil service.
942 ## - ADDED ENTRY ELEMENTS (KOHA)
Source of classification or shelving scheme Dewey Decimal Classification
Koha item type English Books
Classification part 346.024
Call number suffix VEN
Holdings
Withdrawn status Lost status Source of classification or shelving scheme Materials specified (bound volume or other part) Damaged status Not for loan Home library Current library Date acquired Source of acquisition Cost, normal purchase price Total Checkouts Full call number Barcode Date last seen Copy number Cost, replacement price Price effective from Koha item type
    Dewey Decimal Classification v 2     Central Library Central Library 04/03/2016 Cen Lib/Ret 250.00   346.024 VEN A-710580 04/03/2016 1 250.00 04/03/2016 English Books

© Delhi Public Library
Hit Counter
free hit counter